Odisea / (Registro nro. 9321)
[ vista simple ]
| 000 -LIDER | |
|---|---|
| fixed length control field | 00863nam a22002897a 4500 |
| 001 - NÚMERO DE CONTROL | |
| Identificador de número de control | 0190 |
| 003 - IDENTIFICACDOR DE NÚMERO DE CONTROL | |
| control field | DO-SdBPM |
| 005 - DATE AND TIME OF LATEST TRANSACTION | |
| control field | 20250108123143.0 |
| 007 - CAMPOS FIJOS DE DESCRIPCIÓN FÍSICA | |
| fixed length control field | 0190 |
| 008 - ELEMENTOS DE LONGITUD FIJA | |
| fixed length control field | 151005b1990 sp 00| 0 spa d |
| 020 ## - ISBN | |
| International Standard Book Number | 8440612788 |
| 040 ## - FUENTE DE CATALOGACIÓN | |
| Agencia que crea de manera original el registro | DO-SdBPM |
| Idioma de catalogación | spa |
| Agencia que realiza la transcripción | BPMSU |
| 082 #4 - NÚMERO DE CLASIFICACIÓN DECIMAL DE DEWEY | |
| Classification number | 883.2 |
| Item number | H766o 1990 |
| Edition number | 22 |
| 100 1# - ASIENTO PRINCIPAL -- NOMBRE PERSONAL | |
| Nombre personal | Homero |
| 245 10 - MENCIÓN DE TITULO | |
| Título | Odisea / |
| Mención de responsabilidad | Homero ; introducción Carles Miralles ; traducción Lluís Segalá |
| 260 ## - PUBLICACIÓN, DISTRIBUCIÓN, ETC. (PIE DE IMPRENTA) | |
| Lugar de publicación, distribución, etc | Barcelona : |
| Nombre del editor, distribuidor, etc. | Ediciones B, |
| Fecha de publicación, distribución, etc | 1990. |
| 300 ## - DESCRIPCIÓN FÍSICA | |
| Extensión | 403 p ; |
| Dimensiones | 18 cm. |
| 490 0# - MENCIÓN DE SERIES | |
| Mención de serie | Libro clásico, |
| Volume/sequential designation | 22 |
| 590 ## - NOTA LOCAL | |
| Texto de la nota local | Inventariado, 2025/VM |
| 600 14 - ENCABEZAMIENTO DE MATERIA--NOMBRE PERSONAL | |
| Nombre personal | Homero |
| Fechas asociadas con el nombre | Siglo IX? a.C. |
| Título de una obra | Odisea |
| 650 #4 - ENCABEZAMIENTO DE MATERIA--TEMÁTICO | |
| Término temático o nombre geográfico como elemento de entrada | Poesía épica griega |
| 650 #4 - ENCABEZAMIENTO DE MATERIA--TEMÁTICO | |
| Término temático o nombre geográfico como elemento de entrada | Odisea (Mitología griega) |
| Subdivisión de forma | Poesía |
| 700 1# - ASIENTO SECUNDARIO -- NOMBRE PERSONAL | |
| Nombre personal | Miralles, Carles |
| Mención de responsabilidad | introducción |
| 700 1# - ASIENTO SECUNDARIO -- NOMBRE PERSONAL | |
| Nombre personal | Segalá, Lluís |
| Mención de responsabilidad | traductor |
| 910 ## - VALIDACIÓN | |
| Validación | VMateo V. Control de calidad. BPMSU |
| 942 ## - ADDED ENTRY ELEMENTS (KOHA) | |
| Source of classification or shelving scheme | Dewey Decimal Classification |
| Koha item type | Libros |
| Withdrawn status | Lost status | Source of classification or shelving scheme | Damaged status | Not for loan | Collection code | Home library | Current library | Date acquired | Source of acquisition | Total Checkouts | Full call number | Barcode | Date last seen | Price effective from | Koha item type |
|---|---|---|---|---|---|---|---|---|---|---|---|---|---|---|---|
| Dewey Decimal Classification | Colección General | Biblioteca Pública Metropolitana Salomé Ureña | Biblioteca Pública Metropolitana Salomé Ureña | 03/18/2016 | BPMSU CG 883.2 H766o 1990 | BPMSU16030201 | 03/18/2016 | 03/18/2016 | Libros |